Foundations of wireless and electronics / (Record no. 3803)

000 -LEADER
fixed length control field 00409nam a2200157 4500
008 - FIXED-LENGTH DATA ELEMENTS--GENERAL INFORMATION
fixed length control field 200701b ||||| |||| 00| 0 eng d
020 ## - INTERNATIONAL STANDARD BOOK NUMBER
International Standard Book Number 0408015411
082 00 - DEWEY DECIMAL CLASSIFICATION NUMBER
Classification number 621.3841
Item number S435
100 ## - MAIN ENTRY--PERSONAL NAME
9 (RLIN) 1317
Personal name Scroggie, M. G.
245 10 - TITLE STATEMENT
Title Foundations of wireless and electronics /
250 ## - EDITION STATEMENT
Edition statement 10th ed.
260 ## - PUBLICATION, DISTRIBUTION, ETC. (IMPRINT)
Place of publication, distribution, etc London
Name of publisher, distributor, etc ELBS
Date of publication, distribution, etc 1984
300 ## - PHYSICAL DESCRIPTION
Extent 551 p.
650 #0 - SUBJECT ADDED ENTRY--TOPICAL TERM
Topical term or geographic name as entry element Radio
942 ## - ADDED ENTRY ELEMENTS (KOHA)
Source of classification or shelving scheme
Item type Books
Holdings
Withdrawn status Lost status Source of classification or shelving scheme Damaged status Not for loan Permanent location Current location Date acquired Full call number Barcode Date last seen Koha item type
          IMU Kolkata IMU Kolkata 2020-07-01 621.3841 S435 06869 2020-07-01 Books
          IMU Kolkata IMU Kolkata 2020-07-01 621.3841 S435 06870 2020-07-01 Books
Designed and Maintained by IMU-KC Library, Kolkata Campus © Copyright All Rights Reserved

webs counters

Powered by Koha